Gateway To The Quantum Age:Managing Disruptive Technologies In (Record no. 126264)
[ view plain ]
| 000 -LEADER | |
|---|---|
| fixed length control field | 00399nam a2200133Ia 4500 |
| 008 - FIXED-LENGTH DATA ELEMENTS--GENERAL INFORMATION | |
| fixed length control field | 211122s9999||||xx |||||||||||||| ||und|| |
| 082 ## - DEWEY DECIMAL CLASSIFICATION NUMBER | |
| Classification number | 330.1 |
| Item number | PON-G |
| 100 ## - MAIN ENTRY--PERSONAL NAME | |
| Personal name | Ponnoly, Joseph |
| 245 #0 - TITLE STATEMENT | |
| Title | Gateway To The Quantum Age:Managing Disruptive Technologies In |
| 260 ## - PUBLICATION, DISTRIBUTION, ETC. | |
| Name of publisher, distributor, etc. | Cinfodens Consulting |
| Place of publication, distribution, etc. | Houston |
| 630 ## - SUBJECT ADDED ENTRY--UNIFORM TITLE | |
| General subdivision | General Stack |
| 650 ## - SUBJECT ADDED ENTRY--TOPICAL TERM | |
| Topical term or geographic name entry element | Generalia |
| 942 ## - ADDED ENTRY ELEMENTS (KOHA) | |
| Koha item type | BOOK |
| 650 ## - SUBJECT ADDED ENTRY--TOPICAL TERM | |
| Form subdivision | SOCIAL SCIENCEECONOMICS |
| Withdrawn status | Lost status | Damaged status | Not for loan | Home library | Current library | Date acquired | Cost, normal purchase price | Total Checkouts | Full call number | Barcode | Shelving location | Date last seen | Price effective from | Koha item type |
|---|---|---|---|---|---|---|---|---|---|---|---|---|---|---|
| SB LIBRARY | SB LIBRARY | 22/11/2021 | 500.00 | 330.1 PON-G | 00139945 | GENERAL STACK | 22/11/2021 | 22/11/2021 | BOOK |